Minnesota Timberwolves Starters of the Last 10 Years - Statistics

General Stats
  • This quiz has been taken 14 times
    5 since last reset
  • The average score is 31 of 59
Answer Stats
G Year(s) Pos. Before Timberwolves Player % Correct
279 2017-20 SF Kansas Andrew Wiggins
100%
423 2021-26 SG Georgia Anthony Edwards
100%
3 2026 PG Los Angeles Clippers Bones Hyland
100%
157 2020-23 PG Golden State Warriors D'Angelo Russell
100%
13 2018-19 PG Cleveland Cavaliers Derrick Rose
100%
363 2021-26 PF/SF Washington Jaden McDaniels
100%
97 2020-22 PF Denver Nuggets Jarred Vanderbilt
100%
42 2020-21 SG Texas Tech Jarrett Culver
100%
124 2018-20 PG Indiana Pacers Jeff Teague
100%
69 2018-19 SG Chicago Bulls Jimmy Butler
100%
7 2020-24 PG Long Island Nets Jordan McLaughlin
100%
123 2019-22 SG Georgia Tech Josh Okogie
100%
148 2025-26 PF New York Knicks Julius Randle
100%
491 2017-24 C Kentucky Karl-Anthony Towns
100%
58 2023-24, 2026 PF Memphis Grizzlies Kyle Anderson
100%
68 2020-22 SG Denver Nuggets Malik Beasley
100%
179 2023-26 PG Utah Jazz Mike Conley
100%
77 2020-26 C/PF LSU Naz Reid
100%
126 2017, 2021 PG FC Barcelona (Spain) Ricky Rubio
100%
1 2025 PG Kentucky Rob Dillingham
100%
69 2019-20 PF/SF Philadelphia 76ers Robert Covington
100%
294 2023-26 C Utah Jazz Rudy Gobert
100%
139 2018-19 PF Oklahoma City Thunder Taj Gibson
100%
3 2025-26 SG Illinois Terrence Shannon Jr.
100%
92 2025-26 SG New York Knicks Donte DiVincenzo
50%
101 2017-20 C/PF Louisville Gorgui Dieng
50%
14 2020-22 SF Portland Trail Blazers Jake Layman
50%
1 2020 C Miami Heat James Johnson
50%
5 2025-26 SG UCLA Jaylen Clark
50%
3 2026 PF/C Cedevita Olimpija (Slovenia) Joan Beringer
50%
3 2025-26 SF Orlando Magic Joe Ingles
50%
20 2020-21 PF Denver Nuggets Juancho Hernangomez
50%
3 2019-20 SF/PF Ohio State Keita Bates-Diop
50%
2 2019 SF Los Angeles Lakers Luol Deng
50%
30 2023-25 SG Utah Jazz Nickeil Alexander-Walker
50%
3 2024 SF Los Angeles Lakers Troy Brown Jr.
50%
47 2017 SG UCLA Zach LaVine
50%
1 2018 PG Indiana Pacers Aaron Brooks
0%
10 2023 SG Denver Nuggets Austin Rivers
0%
9 2026 SG Chicago Bulls Ayo Dosunmu
0%
33 2017 SG Golden State Warriors Brandon Rush
0%
28 2019 PF Philadelphia 76ers Dario Saric
0%
7 2021 C Utah Jazz Ed Davis
0%
1 2019 PG Phoenix Suns Isaiah Canaan
0%
3 2020-23 SG Washington Jaylen Nowell
0%
6 2019 PG Philadelphia 76ers Jerryd Bayless
0%
4 2020 SF MHP Ludwigsburg (Germany) Kelan Martin
0%
7 2017 PG Providence Kris Dunn
0%
2 2022 SF FC Barcelona (Spain) Leandro Bolmaro
0%
2 2022-23 PF/C Atlanta Hawks Nathan Knight
0%
22 2016-18 PF Fenerbahce (Turkey) Nemanja Bjelica
0%
1 2020 C New York Knicks Noah Vonleh
0%
54 2022 PG Los Angeles Clippers Patrick Beverley
0%
3 2016-18 SF UCLA Shabazz Muhammad
0%
22 2020 PG Brooklyn Nets Shabazz Napier
0%
12 2022-23 PF Cleveland Cavaliers Taurean Prince
0%
20 2020 SF Brooklyn Nets Treveon Graham
0%
34 2016-19 PG Duke Tyus Jones
0%
2 2023-24 SG Duke Wendell Moore Jr.
0%
No matching quizzes found
Score Distribution
Percent of People with Each Score
Percentile by Number Answered
Your Score History
You have not taken this quiz since the last reset